General Knowledge #2 (caza) - Statistics

General Stats
  • This quiz has been taken 33 times
  • The average score is 4 of 15
Answer Stats
No. Question Answer % Correct
#1 What does CV stand for Curriculum Vitae
68%
#15 What is the most visited country in the world France
68%
#10 How did Marliyn Monroe die Barbiturate Overdose
60%
#13 What is the oldest country in the world San marino/China/Japan
52%
#6 Which Country has won the most winter olympic medals (All-Time) Norway
48%
#7 How many of Muhammad Ali's 56 career wins by KO` 37
32%
#5 What team has won 7 champions league titles AC milan
28%
#4 Name the irish county which has won 5 all Ireland gaelic football championship Down/Cavan
20%
#8 What year was the 'invicibles' title winning season 2003-2004
16%
#9 What year did Mexico gain independence from Spain 1821
8%
#11 What was the Top Grossing movie of 2016 Finding Dory
4%
#3 What is the World's most expensive modern car Koenigsegg CCXR Trevita
4%
#12 What is the 2nd slowest animal in the world Starfish
4%
#2 What is the officially recorded height of the worlds tallest ever man 8ft 11 inches/2.72 metres
0%
#14 Who is the longest reigning british monarch of all time Queen Elizabeth ll
0%
No matching quizzes found
Score Distribution
Percent of People with Each Score
Percentile by Number Answered
Your Score History
You have not taken this quiz